00569nam a2200169 a 450000100100000000500170001000800410002704000250006808200150009310000190010824500940012726000370022130000280025850000210028650000380030750400540034500000451320200929151442.0090723s2000 dr a r 001 0 spa d aDO-SdBNPbspacBNPHU axxxbC965f1 aCuello, Rafael13aEl fin del mundo, sus consecuencias y sus influencias :bel milenarismo /cRafael Cuello. aSanto Domingo :bSusaeta,c2000. a106 p. :bil. ;c21 cm. aIncluye índice aIncluye notas al pie de páginas aIncluye referencias bibliográficas (p. 105-106)